000 02014nam a22002417a 4500
005 20220214102245.0
008 220214b ||||| |||| 00| 0 eng d
020 _a0330491164
040 _cAL
041 _aeng
082 _223
_a796.358
_bGUHC
100 _aRamachandra Guha
_919634
245 _aCorner of a Foreign Field:
_bThe Indian History of a British Sport
260 _aLondon
_bPicador
_c2002
300 _axv,496p.
_bHB
_c23x16 cm.
365 _b495.00
_c
_d495.00
520 _aA Corner of a Foreign Field seamlessly interweaves biography with history, the lives of famous or forgotten cricketers with wider processes of social change. C. K. Nayudu and Sachin Tendulkar naturally figure in this book but so, too, in unexpected ways, do B. R. Ambedkar, Mahatma Gandhi and M. A. Jinnah. The Indian careers of those great British cricketers, Lord Harris and D. R. Jardine, provide a window into the operations of Empire. The remarkable life of India’s first great slow bowler, Palwankar Baloo, provides an arresting new perspective on the struggle against caste discrimination. Later chapters explore the competition between Hindu and Muslim cricketers in colonial India and the destructive passions now provoked when India plays Pakistan. For this new edition, Ramachandra Guha has added a fresh introduction as well as a long new chapter, bringing the story up to date to cover, among other things, the advent of the Indian Premier League and the Indian team’s victory in the World Cup of 2011, these linked to social and economic transformations in contemporary India. A pioneering work, essential for anyone interested in either of those vast themes, cricket and India, a Corner of a Foreign Field is also a beautifully written meditation on the ramifications of sport in society at large.
650 _aAthletics and a Outdoor Games
_919629
650 _aCricket Social Aspects
_919630
650 _aCricket Players
_919631
700 _aGUHA (Ramachandra)
_919632
942 _2ddc
_cGF
999 _c221498
_d221498